01176cam a22003494i 4500003000900000005001700009008004100026035001900067040003300086082001900119100003000138245007800168264005500246300002700301336002100328337002500349338002300374505027200397526001000669526001000679526001000689526001000699526000800709526000800717526000800725526000800733526000800741526000800749526000800757650003700765650002400802PE-LiUPU20250731173141.0150623s r 000 0 d a(Sirsi) a27378 aPE-LiUPUbspacPE-LiUPUerda04a263.1bS832211 aStraw, Walter E.,eautor.10aSunday or Sabbath :bwhich should christians observe? /cWalter E. Straw. 1aBerrien Springs, Michigan :bCollege Press,c1947. a45 páginas ;c19 cm. atext2rdacontent aunmediated2rdamedia avolume2rdacarrier0 aNo Sabbath before Sinai?. Israel and Grace. God's standard of righteousness. Are christians under the law?. The New Testament Sabbath. The Sabbath and ceremonies. Sunday in the New Testament. The Sabbath of Hebrews four. Adventists and Mrs. White. God's last message. aSEG42 aSEG41 aSEG40 aSEG39 aP94 aP87 aP86 aP85 aP77 aP76 aP3504aSábadoxEnseñanza bíblica.04aSábado y domingo.